00428nam a2200181 a 4500001001300000003000900013005001700022008004100039020000800080082001300088100002000101245002800121260002300149300000900172500003500181505001000216700002000226nice12345678IN_TiNIC20260116011844.0050524s1950 lona grp 000 0 eng  ac000a201bCAR aCarmichael, Amy aPonnammalb Her History aLondonbSpckc1950 a113p aincludes index and biblioraphy2 aIndex1 aCarmichael, Amy